| 000 | 00915cab a2200265 4500 | ||
|---|---|---|---|
| 001 | WB3036-61 | ||
| 008 | 090401t1994 xxu||||| |||| 00| 0 eng d | ||
| 035 | _a(Sirsi) u58385 | ||
| 041 | _aeng | ||
| 245 | _aThreat to road policy | ||
| 260 | _c1994 | ||
| 350 | _a0 | ||
| 490 |
_aIndependent _v26 September 1994, 1&3 |
||
| 490 |
_aPlanning Week _v2(39) 29 September 1994, 5(2) |
||
| 520 | _aThe £2bn a year spent on building new roads is under threat from two reports; one from the Royal Commission on Environmental Pollution and a delayed publication from the Department of Transport`s Standing Advisory Committee on Trunk Road Assessment (Sactra). | ||
| 650 | _aCOBA | ||
| 650 | _aGOVERNMENT POLICY | ||
| 650 | _aROAD TRAFFIC FORECASTS | ||
| 650 | _aROADBUILDING | ||
| 650 | _aROADS PROGRAMME | ||
| 650 | _aSACTRA | ||
| 690 | _aTRANSPORT AND COMMUNICATIONS | ||
| 942 | _n0 | ||
| 948 | _c04/03/1997 | ||
| 999 |
_c35637 _d35637 |
||